[Event "22nd Reykjavik op"]
[Site "Reykjavik ISL"]
[Date "2006.03.11"]
[Round "6.17"]
[White "Vasilevich, Tatjana"]
[Black "Nataf, Igor-Alexandre"]
[WhiteElo "2395"]
[BlackElo "2553"]
[Result "0-1"]
[EventDate "2006.03.06"]
[PlyCount "92"]

1.d4 Nf6 2.c4 g6 3.Nc3 Bg7 4.e4 O-O 5.f3 c6 6.Bd3 d5 7.cxd5 cxd5 8.e5 Nfd7
9.Nge2 Nc6 10.O-O Nb6 11.f4 f6 12.b3 Bg4 13.h3 Bxe2 14.Nxe2 e6 15.Ba3 Rf7 
16.Rc1 Bf8 17.Bb2 a6 18.Kh2 Bh6 19.g3 f5 20.Ng1 Bf8 21.Nf3 Be7 22.Qe2 Rc8 
23.Bb1 Nd7 24.Rc2 Nf8 25.Rfc1 Qa5 26.Qd2 Qxd2+ 27.Rxd2 Bb4 28.Rdd1 Rfc7 
29.Kg2 h6 30.Kf2 Kf7 31.Ke3 Be7 32.Ne1 g5 33.Nd3 Ng6 34.Rg1 Rg8 35.Rcf1 
gxf4+ 36.gxf4 Rcc8 37.Nc5 Nxd4 38.Nxb7 Nb5 39.Bd3 Rc7 40.Bxb5 Rxb7 41.Bxa6
Ra7 42.Bb5 Rxa2 43.Bd4 Bh4 44.Rf3 Rb8 45.Ba4 Rb4 46.Rd1 Rf2 0-1

[Event "22nd Reykjavik op"]
[Site "Reykjavik ISL"]
[Date "2006.03.11"]
[Round "6.20"]
[White "D`Costa, Lorin"]
[Black "Steingrimsson, Hedinn"]
[WhiteElo "2386"]
[BlackElo "2439"]
[Result "1/2-1/2"]
[EventDate "2006.03.06"]
[PlyCount "113"]

1.d4 Nf6 2.c4 e6 3.Nf3 d5 4.g3 dxc4 5.Qa4+ Nbd7 6.Bg2 a6 7.Qxc4 b5 8.Qc2 
Bb7 9.O-O c5 10.dxc5 Bxc5 11.Nbd2 Rc8 12.Qb1 Qb6 13.e3 O-O 14.b4 Be7 15.
Bb2 Bc6 16.a3 Qb7 17.Re1 Nb6 18.e4 Qa8 19.Ne5 Bb7 20.Bd4 Rfd8 21.Nb3 Nc4 
22.Nxc4 Rxc4 23.Bc5 Bxc5 24.Nxc5 Bc6 25.Ra2 h5 26.Rc2 Rdd4 27.Rxc4 Rxc4 
28.Qd3 h4 29.gxh4 e5 30.Qd6 Qe8 31.Qc7 Rd4 32.Bf3 g6 33.Re3 Kg7 34.Kg2 Ba8
35.Qa7 Bc6 36.Qxa6 Rd6 37.Qa7 Qd8 38.Rd3 Qf8 39.Rxd6 Qxd6 40.Qb6 Nh5 41.
Nb3 Nf4+ 42.Kg1 Qd3 43.Qe3 Nh3+ 44.Kg2 Nf4+ 45.Kg1 Qb1+ 46.Nc1 Bd7 47.Bd1 
Be6 48.f3 Bc4 49.Qc3 Nd3 50.Nxd3 Qxd1+ 51.Ne1 Qe2 52.h3 f6 53.Ng2 Bd3 54.
Qc7+ Kg8 55.Qd8+ Kf7 56.Qd7+ Kf8 57.Qd8+ 1/2-1/2

[Event "22nd Reykjavik op"]
[Site "Reykjavik ISL"]
[Date "2006.03.11"]
[Round "6.21"]
[White "Kjartansson, David"]
[Black "Gaponenko, Inna"]
[WhiteElo "2260"]
[BlackElo "2437"]
[Result "0-1"]
[EventDate "2006.03.06"]
[PlyCount "28"]

1.e4 c5 2.Nf3 d6 3.d4 cxd4 4.Qxd4 a6 5.c4 Nc6 6.Qd2 Nf6 7.Nc3 g6 8.b3 Bg7 
9.Bb2 O-O 10.Be2 Qa5 11.O-O Nxe4 12.Nxe4 Qxd2 13.Nexd2 Bxb2 14.Rad1 Bf5 
0-1

[Event "22nd Reykjavik op"]
[Site "Reykjavik ISL"]
[Date "2006.03.11"]
[Round "6.22"]
[White "Rocha, Sergio"]
[Black "Ziska, Helgi Dam"]
[WhiteElo "2405"]
[BlackElo "2286"]
[Result "1/2-1/2"]
[EventDate "2006.03.06"]
[PlyCount "87"]

1.e4 c5 2.Nf3 d6 3.Nc3 Nf6 4.g3 g6 5.Bg2 Bg7 6.O-O Nc6 7.d3 O-O 8.Ng5 Nd4 
9.f4 Bg4 10.Qd2 Rb8 11.h3 Bc8 12.g4 b5 13.Nd1 Qc7 14.Ne3 e6 15.Qf2 Bb7 16.
Bd2 h6 17.Nf3 d5 18.e5 Nd7 19.Nh4 g5 20.c3 Nc6 21.Nhf5 exf5 22.Nxd5 Qd8 
23.gxf5 f6 24.d4 cxd4 25.cxd4 Nxd4 26.Qxd4 fxe5 27.fxe5 Bxe5 28.Qxa7 Nf6 
29.Ba5 Qd7 30.Rad1 Qg7 31.Bb4 Rfe8 32.b3 Kh8 33.Nxf6 Bxf6 34.Bd6 Bxg2 35.
Qxg7+ Kxg7 36.Kxg2 Ra8 37.Rf2 Red8 38.Rd5 Ra7 39.Rfd2 Kf7 40.Kf3 Rad7 41.
Ke4 Re8+ 42.Kf3 Red8 43.Ke4 Re8+ 44.Kf3 1/2-1/2

[Event "22nd Reykjavik op"]
[Site "Reykjavik ISL"]
[Date "2006.03.11"]
[Round "6.24"]
[White "Hardarson, Robert"]
[Black "Gara, Ticia"]
[WhiteElo "2369"]
[BlackElo "2265"]
[Result "0-1"]
[EventDate "2006.03.06"]
[PlyCount "68"]

1.e4 c5 2.Nf3 d6 3.d4 cxd4 4.Qxd4 a6 5.c4 Nc6 6.Qd2 Nf6 7.Nc3 g6 8.b3 Bg7 
9.Bb2 Rb8 10.Be2 O-O 11.O-O Qa5 12.Rfd1 b5 13.cxb5 axb5 14.Nd5 Qxd2 15.
Nxf6+ Bxf6 16.Rxd2 Bxb2 17.Rxb2 Bg4 18.Ne1 Bxe2 19.Rxe2 Rfc8 20.Nc2 Ra8 
21.Rd2 Ra7 22.h4 Rca8 23.a3 Kf8 24.Rd5 Rb7 25.Rc1 Ke8 26.h5 Kd7 27.f3 Rc8 
28.Ne3 Ra8 29.Nc2 Rc7 30.Ne3 Rb7 31.Nc2 e6 32.Rd2 Ke7 33.Ne3 Ne5 34.f4 Nd7
0-1

[Event "22nd Reykjavik op"]
[Site "Reykjavik ISL"]
[Date "2006.03.11"]
[Round "6.26"]
[White "Einarsson, Bergsteinn"]
[Black "Gara, Anita"]
[WhiteElo "2245"]
[BlackElo "2367"]
[Result "1-0"]
[EventDate "2006.03.06"]
[PlyCount "105"]

1.d4 e6 2.c4 b6 3.Nc3 Bb7 4.e3 f5 5.Nf3 Nf6 6.Bd3 Bb4 7.O-O Bxc3 8.bxc3 
O-O 9.Nd2 c5 10.f3 Nc6 11.Qe2 Qe7 12.Ba3 d6 13.Rae1 Rae8 14.Nb3 g6 15.e4 
Nh5 16.e5 dxe5 17.dxc5 Nf4 18.Qe3 Rd8 19.Bc2 Ba6 20.g3 Nh5 21.Qc1 b5 22.
cxb5 Bxb5 23.Rf2 Rd7 24.Nd2 Rfd8 25.Bb3 Nf6 26.Nc4 e4 27.Nd6 Bd3 28.Qg5 
Kg7 29.Bc1 Ne5 30.fxe4 Nfg4 31.exf5 Nxf2 32.Qh6+ Kh8 33.Rxe5 Ng4 34.Qf4 
Bxf5 35.Re1 Rf8 36.c4 Nf6 37.Bb2 Kg8 38.Be5 Nh5 39.Qd4 Bh3 40.c6 Rdd8 41.
c5 a5 42.Qe3 Bg4 43.c7 Ra8 44.c8=Q Raxc8 45.Nxc8 Rxc8 46.Bd6 Qd7 47.Qg5 
Bh3 48.Qh4 Bf5 49.g4 a4 50.Bc4 Ng7 51.gxf5 Nxf5 52.Rxe6 Nxh4 53.Rxg6+ 1-0

[Event "22nd Reykjavik op"]
[Site "Reykjavik ISL"]
[Date "2006.03.11"]
[Round "6.27"]
[White "Sigfusson, Sigurdur"]
[Black "Halldorsson, Halldor"]
[WhiteElo "2339"]
[BlackElo "2226"]
[Result "1/2-1/2"]
[EventDate "2006.03.06"]
[PlyCount "39"]

1.d4 Nf6 2.c4 g6 3.Nc3 d5 4.Nf3 Bg7 5.Qb3 dxc4 6.Qxc4 O-O 7.e4 Na6 8.Be2 
c5 9.d5 e6 10.O-O exd5 11.exd5 Re8 12.Rd1 Bf5 13.a3 Ne4 14.Bd3 Nd6 15.Qf4 
Bxd3 16.Rxd3 c4 17.Re3 Qb6 18.Na4 Qa5 19.Nc3 Qb6 20.Na4 1/2-1/2

[Event "22nd Reykjavik op"]
[Site "Reykjavik ISL"]
[Date "2006.03.11"]
[Round "6.31"]
[White "Gretarsson, Hjorvar Steinn"]
[Black "Marinelli, Tullio"]
[WhiteElo "2046"]
[BlackElo "2391"]
[Result "1/2-1/2"]
[EventDate "2006.03.06"]
[PlyCount "96"]

1.Nf3 Nf6 2.c4 b6 3.g3 Bb7 4.Bg2 e6 5.O-O Be7 6.Nc3 O-O 7.Re1 d5 8.cxd5 
exd5 9.d4 c5 10.Bf4 Na6 11.Rc1 Nc7 12.Nh4 Ne6 13.Nf5 Nxf4 14.Nxe7+ Qxe7 
15.gxf4 c4 16.Qd2 Rfe8 17.f3 Bc6 18.e4 Qd7 19.f5 Kh8 20.Kh1 b5 21.e5 Ng8 
22.Bh3 f6 23.f4 Qf7 24.Qg2 Rac8 25.Rg1 Rc7 26.Nd1 fxe5 27.fxe5 Rxe5 28.Nf2
Re2 29.Qf3 Rce7 30.Ng4 Qh5 31.Qg3 Bd7 32.f6 Nxf6 33.Rcf1 Bf5 34.Rxf5 Qxf5 
35.Nxf6 Qxf6 36.Rf1 Qxf1+ 37.Bxf1 Re1 38.Kg2 g6 39.Qf2 Kg7 40.Qd2 R1e4 41.
h3 Rf7 42.Be2 Rff4 43.Bf3 Rxd4 44.Qe3 g5 45.Qe5+ Kg6 46.Qe6+ Kg7 47.Qe7+ 
Kg6 48.Qe6+ Kg7 1/2-1/2

[Event "22nd Reykjavik op"]
[Site "Reykjavik ISL"]
[Date "2006.03.11"]
[Round "6.32"]
[White "Panchanathan, Magesh Chandran"]
[Black "Johansson, Victoria"]
[WhiteElo "2494"]
[BlackElo "2222"]
[Result "1-0"]
[EventDate "2006.03.06"]
[PlyCount "149"]

1.d4 Nf6 2.Nf3 g6 3.g3 Bg7 4.Bg2 O-O 5.O-O d6 6.c4 Nbd7 7.Nc3 c6 8.b3 e5 
9.dxe5 dxe5 10.Ba3 Re8 11.Nd2 Qa5 12.Qc1 e4 13.b4 Qh5 14.Ncxe4 Nxe4 15.
Nxe4 Bxa1 16.Qxa1 Qg4 17.Qd4 Qe6 18.Bb2 f6 19.Rd1 Kg7 20.Bh3 Qxe4 21.Qxe4 
Rxe4 22.Bxd7 Re7 23.Bxc8 Rxc8 24.Rd6 Rf8 25.e3 Rff7 26.Kf1 g5 27.Bd4 a6 
28.g4 Kg6 29.Rd8 Rd7 30.Rg8+ Rg7 31.Rh8 h6 32.h3 Rh7 33.Rf8 Rhf7 34.Rg8+ 
Rg7 35.Rb8 Kf7 36.Rh8 Kg6 37.a4 Rh7 38.Rf8 Rhf7 39.Rg8+ Rg7 40.Rb8 Rh7 41.
a5 Kf7 42.Ke2 h5 43.Kf3 hxg4+ 44.hxg4 Rh1 45.Ke4 Rc1 46.c5 Rc4 47.Rh8 Kg7 
48.Re8 Rxb4 49.Re6 Ra4 50.Kf5 Rd5+ 51.Ke4 Re5+ 52.Rxe5 fxe5 53.Kxe5 Rxa5 
54.Ke6+ Kg6 55.f4 gxf4 56.exf4 Ra4 57.f5+ Kg5 58.Bf6+ Kxg4 59.Be5 Ra3 60.
f6 Rf3 61.f7 Kg5 62.Bg7 Kg6 63.f8=R Rxf8 64.Bxf8 a5 65.Be7 a4 66.Bf6 a3 
67.Ba1 a2 68.Kd6 Kf5 69.Kc7 Ke6 70.Kxb7 Kd7 71.Kb6 Kd8 72.Kxc6 Kc8 73.Kb6 
Kb8 74.c6 Kc8 75.c7 1-0

[Event "22nd Reykjavik op"]
[Site "Reykjavik ISL"]
[Date "2006.03.11"]
[Round "6.33"]
[White "Mouradian, Knarik"]
[Black "Mamedjarova, Turkan"]
[WhiteElo "2190"]
[BlackElo "2308"]
[Result "1/2-1/2"]
[EventDate "2006.03.06"]
[PlyCount "86"]

1.e4 e5 2.Bc4 Nf6 3.d3 c6 4.Nf3 d5 5.Bb3 Bb4+ 6.Bd2 Bd6 7.Nc3 dxe4 8.Ng5 
O-O 9.Ncxe4 Nxe4 10.Nxe4 Bf5 11.Qf3 Bxe4 12.dxe4 Qe7 13.O-O Kh8 14.c3 Na6 
15.Rad1 Nc5 16.Bc2 Ne6 17.Rfe1 b5 18.Be3 a5 19.Rd2 Bc7 20.Red1 Rad8 21.Bb3
Rxd2 22.Rxd2 Rd8 23.Qd1 Rxd2 24.Qxd2 a4 25.Bd1 Kg8 26.h3 Kf8 27.Kf1 Ke8 
28.Ke1 Qd6 29.Bg4 Qxd2+ 30.Kxd2 Nd8 31.b3 axb3 32.axb3 Nb7 33.Be2 Bd6 34.
Bd3 Ke7 35.f3 Ke6 36.Bb6 g6 37.Ke2 Be7 38.Be3 Na5 39.b4 Nb7 40.Bc2 g5 41.
Bb3+ Kf6 42.g3 Bd6 43.Kf2 h6 1/2-1/2

[Event "22nd Reykjavik op"]
[Site "Reykjavik ISL"]
[Date "2006.03.11"]
[Round "6.34"]
[White "Arngrimsson, Dagur"]
[Black "Johnson, Ben"]
[WhiteElo "2298"]
[BlackElo "2189"]
[Result "1-0"]
[EventDate "2006.03.06"]
[PlyCount "47"]

1.e4 e6 2.d4 d5 3.exd5 exd5 4.Nf3 Nf6 5.Bd3 Bg4 6.O-O Be7 7.Re1 O-O 8.Nbd2
c5 9.dxc5 Bxc5 10.Nb3 Bb6 11.Bg5 Qd6 12.Bh4 Nc6 13.c4 Bxf3 14.Qxf3 Ne5 15.
Qf5 Nxd3 16.Qxd3 Qf4 17.c5 Qxh4 18.cxb6 axb6 19.h3 Ra4 20.g3 Qc4 21.Qf3 
Rfa8 22.Rad1 d4 23.Nxd4 Qc7 24.Nb5 1-0

[Event "22nd Reykjavik op"]
[Site "Reykjavik ISL"]
[Date "2006.03.11"]
[Round "6.37"]
[White "Krockenberger, Martin"]
[Black "Magnusson, Bjarni"]
[WhiteElo "2267"]
[BlackElo "2016"]
[Result "1-0"]
[EventDate "2006.03.06"]
[PlyCount "61"]

1.c4 e6 2.g3 Nf6 3.Bg2 c5 4.Nf3 Nc6 5.O-O d5 6.b3 Be7 7.Bb2 O-O 8.e3 d4 9.
exd4 cxd4 10.d3 e5 11.Re1 Qc7 12.Na3 a6 13.Nc2 Bg4 14.h3 Bh5 15.Qd2 Rfe8 
16.b4 Bf8 17.Nh4 Bg6 18.a3 Rad8 19.Nxg6 hxg6 20.Rac1 Ne7 21.Na1 Nh5 22.Nb3
f5 23.Nc5 Rb8 24.Qg5 Qd6 25.Nxb7 Qf6 26.Qxf6 gxf6 27.c5 e4 28.Nd6 exd3 29.
Red1 Bh6 30.Rc4 Red8 31.Rxd3 1-0

[Event "22nd Reykjavik op"]
[Site "Reykjavik ISL"]
[Date "2006.03.11"]
[Round "6.38"]
[White "Schwartz Ylon"]
[Black "Thorsteinsdottir, Gudlaug"]
[WhiteElo "2250"]
[BlackElo "2147"]
[Result "1-0"]
[EventDate "2006.03.06"]
[PlyCount "57"]

1.e4 c5 2.Nf3 e6 3.Be2 Nc6 4.O-O Qc7 5.Re1 Nf6 6.Bf1 d6 7.c3 Be7 8.d4 cxd4
9.cxd4 O-O 10.Nc3 a6 11.Bg5 Re8 12.Rc1 Qa5 13.a3 Bd7 14.e5 dxe5 15.dxe5 
Nd5 16.Ne4 h6 17.Bxe7 Rxe7 18.Nd6 Qc7 19.Bd3 f5 20.Bxf5 exf5 21.Qxd5+ Be6 
22.Qc5 Rd8 23.Nd4 Bd7 24.N6b5 axb5 25.Qxe7 Re8 26.Nxc6 bxc6 27.Qd6 Qxd6 
28.exd6 Kf7 29.Rxe8 1-0

[Event "22nd Reykjavik op"]
[Site "Reykjavik ISL"]
[Date "2006.03.11"]
[Round "6.41"]
[White "Player, Edmund"]
[Black "Moskow, Eric"]
[WhiteElo "2122"]
[BlackElo "2248"]
[Result "0-1"]
[EventDate "2006.03.06"]
[PlyCount "84"]

1.e4 c5 2.Nc3 g6 3.g3 Nc6 4.Bg2 Bg7 5.d3 d6 6.Be3 Rb8 7.Qd2 b5 8.Nge2 Nd4 
9.O-O b4 10.Nd1 Nxe2+ 11.Qxe2 Nf6 12.Qd2 Ng4 13.Bf4 e5 14.Bg5 f6 15.Be3 
O-O 16.f3 Nxe3 17.Nxe3 Be6 18.b3 Bh6 19.f4 Qd7 20.a4 Rbe8 21.Kh1 Kh8 22.
Qf2 exf4 23.gxf4 f5 24.Qh4 Bg7 25.Rae1 Bc3 26.Re2 Qf7 27.Ref2 Bd4 28.Rf3 
Bc8 29.Nc4 Qc7 30.Rg3 Qd8 31.Qxd8 Rxd8 32.Bh3 Bb7 33.Bg2 fxe4 34.dxe4 Rfe8
35.e5 Ba6 36.Nxd6 Bxf1 37.Bxf1 Rf8 38.Bc4 Kg7 39.Rg4 h5 40.Rg3 Rxf4 41.e6 
Rxd6 42.e7 Re4 0-1

[Event "22nd Reykjavik op"]
[Site "Reykjavik ISL"]
[Date "2006.03.11"]
[Round "6.42"]
[White "Bjornsson, Sverrir Orn"]
[Black "Salama, Omar"]
[WhiteElo "2108"]
[BlackElo "2199"]
[Result "1-0"]
[EventDate "2006.03.06"]
[PlyCount "131"]

1.c4 e5 2.Nc3 Nf6 3.Nf3 Nc6 4.a3 a5 5.e4 Bc5 6.Nxe5 Nxe5 7.d4 Bxd4 8.Qxd4 
Nc6 9.Qd1 h6 10.Be2 d6 11.O-O O-O 12.b3 Re8 13.f3 Bd7 14.Be3 Ne5 15.Qd2 
Bc6 16.Rac1 Ned7 17.Rfd1 Qe7 18.Bf1 Nc5 19.Rb1 b6 20.Nd5 Qd8 21.Bf2 Bb7 
22.Bh4 Bxd5 23.Bxf6 Qxf6 24.cxd5 Re7 25.Bb5 Qe5 26.Bc6 Ra7 27.Qd4 Qg5 28.
b4 axb4 29.axb4 Ra2 30.Rb2 Rxb2 31.Qxb2 Qe3+ 32.Qf2 Qb3 33.Qd2 Na6 34.b5 
Nc5 35.h3 Re5 36.Kh2 Rg5 37.Qd4 Qc2 38.Qd2 Qc4 39.Be8 Kf8 40.Bc6 Rg6 41.
Ra1 Kg8 42.Rc1 Qa4 43.Rd1 Qa3 44.Be8 Qa8 45.Bc6 Qd8 46.Qf4 Rf6 47.Qg4 Qe7 
48.Qc8+ Kh7 49.Qe8 Qe5+ 50.Qxe5 dxe5 51.Ra1 g6 52.Ra7 Kg7 53.Rxc7 Kf8 54.
Kg3 Rd6 55.Rc8+ Kg7 56.Rb8 f5 57.exf5 gxf5 58.Rxb6 Nd3 59.Rb7+ Kf8 60.Rb8+
Ke7 61.b6 Rg6+ 62.Kh2 Nf4 63.g3 Ne2 64.b7 f4 65.Re8+ Kf7 66.g4 1-0

[Event "22nd Reykjavik op"]
[Site "Reykjavik ISL"]
[Date "2006.03.11"]
[Round "6.43"]
[White "Omarsson, Dadi"]
[Black "Gutierrez Castillo, Paloma"]
[WhiteElo "1714"]
[BlackElo "2158"]
[Result "1-0"]
[EventDate "2006.03.06"]
[PlyCount "141"]

1.e4 e5 2.Nf3 Nc6 3.Bc4 Bc5 4.c3 Nf6 5.d4 exd4 6.cxd4 Bb4+ 7.Bd2 Bxd2+ 8.
Nbxd2 d5 9.exd5 Nxd5 10.Qb3 Nce7 11.O-O O-O 12.Rfe1 Nb6 13.Bd3 Bf5 14.Bxf5
Nxf5 15.Re4 Qf6 16.Qc2 Nd5 17.Rae1 c6 18.Re5 Nd6 19.Ne4 Nxe4 20.Qxe4 Qg6 
21.Qh4 f6 22.R5e4 Rae8 23.Rxe8 Rxe8 24.Rxe8+ Qxe8 25.Qg4 Kf8 26.g3 g6 27.
Nh4 Kf7 28.Ng2 Qe6 29.Qf3 Ne7 30.b3 Qd6 31.Qc3 Nf5 32.Qc4+ Kg7 33.Nf4 Kh6 
34.d5 c5 35.Ne6 b6 36.h4 Nd4 37.Nxd4 cxd4 38.Qxd4 Kg7 39.Qc4 Kf7 40.Kg2 
Ke7 41.b4 f5 42.Qd4 Qf6 43.Qc4 Qd6 44.Kf3 Qe5 45.Kg2 Qd6 46.f4 Kd8 47.Qd4 
Qe7 48.Kf2 Kd7 49.Qc4 Kd8 50.a3 Qf6 51.Ke3 Qe7+ 52.Kd2 Qf6 53.Qc3 Qf7 54.
Qe5 Kd7 55.Kd3 a5 56.bxa5 bxa5 57.Kc4 Qf8 58.Qe6+ Kc7 59.Qc6+ Kb8 60.Qb6+ 
Kc8 61.Qc5+ Qxc5+ 62.Kxc5 Kd7 63.a4 Kc7 64.d6+ Kd7 65.Kd5 Kd8 66.Ke6 Ke8 
67.d7+ Kd8 68.Kd6 g5 69.hxg5 h5 70.g6 h4 71.g7 1-0

[Event "22nd Reykjavik op"]
[Site "Reykjavik ISL"]
[Date "2006.03.11"]
[Round "6.48"]
[White "Kristjansson, Atli Freyr"]
[Black "Bergsson, Stefan"]
[WhiteElo "1922"]
[BlackElo "2144"]
[Result "1-0"]
[EventDate "2006.03.06"]
[PlyCount "107"]

1.d4 Nf6 2.c4 e6 3.Nc3 Bb4 4.e3 b6 5.Nf3 Bb7 6.Bd3 Ne4 7.Qc2 f5 8.O-O Bxc3
9.bxc3 O-O 10.Nd2 Qh4 11.f3 Nxd2 12.Qxd2 d6 13.Ba3 Nd7 14.Rab1 c5 15.g3 
Qh3 16.e4 fxe4 17.fxe4 Nf6 18.d5 Ng4 19.Rxf8+ Rxf8 20.Rf1 Ne5 21.Rxf8+ 
Kxf8 22.Qf4+ Kg8 23.Be2 Qh6 24.Qxh6 gxh6 25.Bc1 Kg7 26.Bf4 Kf6 27.Bxh6 b5 
28.cxb5 exd5 29.exd5 Bxd5 30.a4 Bb3 31.a5 Bc4 32.Bxc4 Nxc4 33.a6 Ke5 34.
Bf4+ Kd5 35.Kf2 Nb6 36.g4 Nc8 37.h4 Kc4 38.Bxd6 Kxb5 39.Bf8 Nb6 40.Ke3 
Nd5+ 41.Kd3 Nf4+ 42.Ke4 Ng6 43.Bd6 Nxh4 44.Kd5 Ng6 45.c4+ Kxa6 46.Bxc5 
Nf4+ 47.Kc6 h5 48.Bd6 Ne6 49.gxh5 Ka5 50.h6 Ng5 51.Kd7 Kb6 52.c5+ Kb5 53.
c6 Ne4 54.c7 1-0

[Event "22nd Reykjavik op"]
[Site "Reykjavik ISL"]
[Date "2006.03.11"]
[Round "6.49"]
[White "Trifunovic, Dusan"]
[Black "Asbjornsson, Ingvar"]
[WhiteElo "2012"]
[BlackElo "1996"]
[Result "0-1"]
[EventDate "2006.03.06"]
[PlyCount "132"]

1.e4 d5 2.exd5 Qxd5 3.Nc3 Qa5 4.d4 Nf6 5.Nf3 c6 6.Be2 Bf5 7.O-O e6 8.Ne5 
Nbd7 9.Nxd7 Nxd7 10.Bd3 Bg6 11.Ne4 Nf6 12.Qf3 Be7 13.c3 O-O 14.b4 Qd5 15.
Nxf6+ Bxf6 16.Bxg6 hxg6 17.Qxd5 cxd5 18.a4 Rfc8 19.Bb2 Rc4 20.Rfd1 Rac8 
21.Kf1 a5 22.b5 Rd8 23.Ke2 Rd7 24.g3 g5 25.Kd3 Bd8 26.Bc1 f6 27.Re1 Kf7 
28.f4 gxf4 29.Bxf4 Bc7 30.Bxc7 Rdxc7 31.Ra3 Ke7 32.b6 Rc8 33.Rb1 Ra8 34.
Ra2 Kd6 35.Re1 Re8 36.Rb1 e5 37.dxe5+ fxe5 38.Ra3 Kc6 39.Rf1 Re7 40.h3 
Kxb6 41.g4 Rf4 42.Rxf4 exf4 43.h4 Kc5 44.Rb3 Re3+ 45.Kd2 b6 46.Rb5+ Kc6 
47.c4 dxc4 48.Rf5 Re4 49.g5 f3 50.h5 Re2+ 51.Kc3 Rh2 52.Rxf3 Rxh5 53.Rf5 
Rh3+ 54.Kxc4 Rh4+ 55.Kb3 Rg4 56.Kc3 Rxa4 57.Rf7 Rg4 58.Rxg7 Kb5 59.g6 Rg3+
60.Kd4 Kb4 61.Rg8 b5 62.g7 a4 63.Kd5 a3 64.Ke6 Rg6+ 65.Kd5 Rg4 66.Kc6 Rg5 
0-1

[Event "22nd Reykjavik op"]
[Site "Reykjavik ISL"]
[Date "2006.03.11"]
[Round "6.51"]
[White "Palsson, Svanberg Mar"]
[Black "Eichab, Charles"]
[WhiteElo "1720"]
[BlackElo "2157"]
[Result "1-0"]
[EventDate "2006.03.06"]
[PlyCount "95"]

1.d4 Nf6 2.c4 e6 3.Nc3 Bb4 4.Qc2 O-O 5.Bg5 d6 6.e3 Nbd7 7.Bd3 h6 8.Bh4 c5 
9.Ne2 Re8 10.O-O Qa5 11.Nb5 Qb6 12.a3 Ba5 13.Qa4 a6 14.Nxd6 Qxd6 15.Qxa5 
e5 16.Bxf6 Qxf6 17.Rfd1 b6 18.Qa4 cxd4 19.exd4 exd4 20.Nxd4 Rd8 21.Be4 Nc5
22.Qc6 Be6 23.Nxe6 fxe6 24.Rxd8+ Rxd8 25.Rb1 Qxb2 26.h3 Qd2 27.Bg6 Rf8 28.
f3 Qe3+ 29.Kh1 Qxa3 30.Qxb6 Qe3 31.Qd6 Nb3 32.Bh7+ Kf7 33.Bg6+ Kg8 34.Bh7+
Kf7 35.Bg6+ Kg8 36.Rd1 Nc5 37.Qe7 Qe5 38.Bh7+ Kxh7 39.Qxf8 a5 40.Qd6 Qe3 
41.Qd4 Qa3 42.Re1 a4 43.Re5 Qc1+ 44.Kh2 Nd7 45.Qe4+ Kh8 46.Rxe6 Nf6 47.Qd4
a3 48.Ra6 1-0

[Event "22nd Reykjavik op"]
[Site "Reykjavik ISL"]
[Date "2006.03.12"]
[Round "7.9"]
[White "Williams, Simon"]
[Black "Ivanisevic, Ivan"]
[WhiteElo "2452"]
[BlackElo "2588"]
[Result "1/2-1/2"]
[EventDate "2006.03.06"]
[PlyCount "76"]

1.d4 Nf6 2.c4 e6 3.Nf3 d5 4.Nc3 c6 5.Bg5 dxc4 6.e4 b5 7.e5 h6 8.Bh4 g5 9.
Nxg5 hxg5 10.Bxg5 Nbd7 11.exf6 Bb7 12.g3 c5 13.d5 Nxf6 14.Bg2 Bh6 15.Bxf6 
Qxf6 16.O-O O-O-O 17.Nxb5 exd5 18.Nxa7+ Kb8 19.Nb5 Qa6 20.a4 Bg5 21.Qf3 
Qh6 22.h4 Bxh4 23.gxh4 Rdg8 24.Rfe1 Qxh4 25.Kf1 Rxg2 26.Qxg2 d4 27.Qg3+ 
Qxg3 28.fxg3 Rh1+ 29.Ke2 Rh2+ 30.Kd1 Bf3+ 31.Kc1 d3 32.Kb1 d2 33.Re8+ Kb7 
34.Re7+ Kc6 35.Ka2 d1=Q 36.Na7+ Kb6 37.Nc8+ Kc6 38.Na7+ Kb6 1/2-1/2

[Event "22nd Reykjavik op"]
[Site "Reykjavik ISL"]
[Date "2006.03.12"]
[Round "7.13"]
[White "Matamoros Franco, Carlos"]
[Black "Thorhallsson, Throstur"]
[WhiteElo "2510"]
[BlackElo "2455"]
[Result "1/2-1/2"]
[EventDate "2006.03.06"]
[PlyCount "32"]

1.c4 e6 2.g3 d5 3.Bg2 Nf6 4.Nf3 dxc4 5.Qc2 a6 6.Ne5 Nbd7 7.Nxc4 c5 8.a4 
Nd5 9.a5 Be7 10.Nc3 N7f6 11.Na4 O-O 12.O-O Rb8 13.d3 Bd7 14.Nab6 Bc6 15.
Qb3 Nxb6 16.Nxb6 Bxg2 1/2-1/2

[Event "22nd Reykjavik op"]
[Site "Reykjavik ISL"]
[Date "2006.03.12"]
[Round "7.14"]
[White "Sutovsky, Emil"]
[Black "D`Costa, Lorin"]
[WhiteElo "2624"]
[BlackElo "2386"]
[Result "1-0"]
[EventDate "2006.03.06"]
[PlyCount "49"]

1.e4 e6 2.d4 d5 3.Nc3 dxe4 4.Nxe4 Bd7 5.Nf3 Bc6 6.Bd3 Nd7 7.Qe2 Be7 8.O-O 
Ngf6 9.Neg5 Bxf3 10.Qxf3 c6 11.Re1 Qa5 12.c3 h6 13.Nxe6 fxe6 14.Rxe6 Qd8 
15.Bg6+ Kf8 16.Qe2 Nd5 17.c4 Nc7 18.Bf4 Nf6 19.Re1 Bb4 20.Bxc7 Qd7 21.c5 
Bxe1 22.Bd6+ Kg8 23.Qxe1 Nd5 24.Qe4 h5 25.Be8 1-0

[Event "22nd Reykjavik op"]
[Site "Reykjavik ISL"]
[Date "2006.03.12"]
[Round "7.15"]
[White "Danielsen, Henrik"]
[Black "Gunnarsson, Jon Viktor"]
[WhiteElo "2520"]
[BlackElo "2421"]
[Result "1-0"]
[EventDate "2006.03.06"]
[PlyCount "81"]

1.f4 g6 2.Nf3 d5 3.g3 Bg7 4.Bg2 Nf6 5.O-O O-O 6.d3 b6 7.Qe1 Bb7 8.h3 c5 9.
c3 Nc6 10.Na3 a6 11.e4 dxe4 12.dxe4 e5 13.Nc4 Qc7 14.a4 b5 15.axb5 axb5 
16.Rxa8 Bxa8 17.fxe5 Nxe4 18.Qxe4 Nxe5 19.Qxe5 Bxe5 20.Ncxe5 Bxf3 21.Nxf3 
Qxg3 22.Be3 Qd6 23.Ng5 f5 24.Bf4 Qd7 25.h4 Re8 26.Bf3 h6 27.Nh3 Kh7 28.Kg2
b4 29.Rd1 Qg7 30.Rd3 c4 31.Rd4 Qxd4 32.cxd4 c3 33.b3 c2 34.Nf2 g5 35.hxg5 
hxg5 36.Bc1 g4 37.Bc6 Re1 38.Nd3 Rd1 39.Bb5 Kg6 40.d5 f4 41.Bxf4 1-0

[Event "22nd Reykjavik op"]
[Site "Reykjavik ISL"]
[Date "2006.03.12"]
[Round "7.17"]
[White "Brynell, Stellan"]
[Black "Zaremba, Andrie"]
[WhiteElo "2493"]
[BlackElo "2316"]
[Result "1-0"]
[EventDate "2006.03.06"]
[PlyCount "115"]

1.d4 d5 2.c4 c6 3.Nc3 Nf6 4.Nf3 dxc4 5.e3 b5 6.a4 b4 7.Na2 a5 8.Bxc4 Ba6 
9.Bxa6 Nxa6 10.O-O e6 11.Qe2 Qd5 12.Re1 Ne4 13.Ne5 Bd6 14.f3 Nf6 15.Nc4 
Bc7 16.e4 Qxd4+ 17.Be3 Qd8 18.Nc1 Qb8 19.g3 h5 20.Nb3 h4 21.g4 Bf4 22.Rac1
O-O 23.Ncxa5 c5 24.Red1 Rc8 25.Nc4 Nh7 26.Bxf4 Qxf4 27.Nb6 Ng5 28.Rf1 Rcb8
29.Nxa8 Rxa8 30.e5 f6 31.exf6 Qxf6 32.Rce1 Nh3+ 33.Kh1 Nf4 34.Qe5 Qxe5 35.
Rxe5 Nd3 36.Re2 c4 37.Rd2 e5 38.Rfd1 Nc7 39.a5 Ne6 40.Rxd3 cxd3 41.Rxd3 
Kh7 42.Kg1 Rc8 43.Rd1 Nd4 44.Nxd4 exd4 45.a6 d3 46.Rxd3 Rc1+ 47.Kg2 Rc2+ 
48.Kh3 Rxb2 49.a7 Ra2 50.Rd7 Kh6 51.f4 b3 52.Rb7 b2 53.Rxb2 Rxa7 54.Rb6+ 
Kh7 55.Kxh4 Ra5 56.f5 Rc5 57.Kg5 Ra5 58.h4 1-0

[Event "22nd Reykjavik op"]
[Site "Reykjavik ISL"]
[Date "2006.03.12"]
[Round "7.18"]
[White "Steingrimsson, Hedinn"]
[Black "Kristjansson, Stefan"]
[WhiteElo "2439"]
[BlackElo "2476"]
[Result "1-0"]
[EventDate "2006.03.06"]
[PlyCount "51"]

1.Nf3 Nf6 2.c4 g6 3.Nc3 d5 4.Qa4+ Bd7 5.Qb3 dxc4 6.Qxc4 Bg7 7.e4 O-O 8.e5 
Ne8 9.Be2 Nc6 10.d4 Na5 11.Qb4 b6 12.Be3 c6 13.O-O Nc7 14.Rac1 h6 15.Qa4 
c5 16.Qa3 cxd4 17.Nxd4 Bxe5 18.Rfd1 Bd6 19.b4 Kh7 20.Ne4 Nb7 21.Bf3 Ne8 
22.Nxd6 Nexd6 23.Bf4 Rb8 24.Qa6 g5 25.Bg3 f5 26.Be5 1-0

[Event "22nd Reykjavik op"]
[Site "Reykjavik ISL"]
[Date "2006.03.12"]
[Round "7.20"]
[White "Andersson, Christin"]
[Black "Olafsson, David"]
[WhiteElo "2170"]
[BlackElo "2319"]
[Result "1-0"]
[EventDate "2006.03.06"]
[PlyCount "139"]

1.e4 d6 2.d4 g6 3.Nf3 Bg7 4.Nc3 c6 5.Bc4 Nf6 6.e5 dxe5 7.Nxe5 O-O 8.a4 
Nbd7 9.O-O Nb6 10.Bb3 Nbd5 11.Nxd5 cxd5 12.Re1 Be6 13.a5 a6 14.Bd2 Nd7 15.
Bb4 Nxe5 16.dxe5 Rc8 17.Qd4 Qc7 18.Rad1 Rfd8 19.Rd3 f6 20.exf6 Bxf6 21.Qe3
Bf7 22.Qf3 Kg7 23.Bxd5 Rxd5 24.Rxd5 Bxd5 25.Qxd5 Qc4 26.Qxc4 Rxc4 27.c3 
Kf7 28.Kf1 Rh4 29.h3 Rh5 30.Re4 Rd5 31.Ke2 e5 32.c4 Rd7 33.Bc3 Re7 34.b4 
h5 35.b5 Ke6 36.f4 Kf5 37.Kf3 h4 38.Bxe5 g5 39.Re2 Rf7 40.Bxf6 Kxf6 41.Re4
Rc7 42.fxg5+ Kxg5 43.Rg4+ Kf5 44.Rxh4 axb5 45.Rh5+ Kg6 46.Rxb5 Rxc4 47.
Rxb7 Ra4 48.Ra7 Kf5 49.Kg3 Kg5 50.a6 Ra3+ 51.Kh2 Kg6 52.Ra8 Kg7 53.h4 Kh7 
54.g3 Kg7 55.Kh3 Ra4 56.h5 Kh7 57.g4 Kg7 58.Kh4 Kh6 59.Rb8 Rxa6 60.g5+ Kg7
61.Rb7+ Kg8 62.g6 Ra5 63.Rf7 Rb5 64.h6 Rb8 65.Kg5 Kh8 66.Rf5 Rg8 67.g7+ 
Kh7 68.Rf2 Ra8 69.Rf8 Rxf8 70.gxf8=B 1-0

[Event "22nd Reykjavik op"]
[Site "Reykjavik ISL"]
[Date "2006.03.12"]
[Round "7.22"]
[White "Hamdouchi, Adina Maria"]
[Black "Rocha, Sergio"]
[WhiteElo "2294"]
[BlackElo "2405"]
[Result "0-1"]
[EventDate "2006.03.06"]
[PlyCount "80"]

1.d4 g6 2.g3 d5 3.Bg2 c6 4.Nf3 Bg7 5.O-O Nd7 6.Re1 Ndf6 7.c4 Nh6 8.cxd5 
cxd5 9.Nc3 Nf5 10.Ne5 Be6 11.Qa4+ Kf8 12.Bf4 h5 13.h4 Kg8 14.Rad1 Nd6 15.
Rc1 a6 16.Qb3 Nfe4 17.Na4 Bf6 18.Nb6 Rb8 19.f3 g5 20.hxg5 Nxg5 21.Bxg5 
Bxg5 22.f4 Nb5 23.e3 Qxb6 24.fxg5 Qd6 25.Rf1 h4 26.gxh4 Rxh4 27.Qc2 Kg7 
28.a4 Na7 29.Qc7 Rbh8 30.Qxb7 Nc8 31.Rc6 Qd8 32.g6 Nd6 33.Qc7 f6 34.Qxd8 
Rxd8 35.Nd3 Bh3 36.Bxh3 Rxh3 37.Nf4 Rxe3 38.Nxd5 Rg3+ 39.Kh2 Ne4 40.Nxf6 
exf6 0-1